[Event "Ville d'Orsay online Blitz"]
[Site "Europe Echecs INT"]
[Date "2021.02.07"]
[Round "10"]
[White "Lacan Rus, David"]
[Black "Toumi, Mohamed Jad"]
[Result "1-0"]
[WhiteElo "1448"]
[BlackElo "1824"]
[PlyCount "83"]
[EventDate "2021.02.07"]
[EventType "swiss (blitz)"]
[EventRounds "11"]
[EventCountry "FRA"]
[SourceTitle "CBM 200 Extra"]
[Source "ChessBase"]
[SourceDate "2021.03.31"]
[SourceVersion "1"]
[SourceVersionDate "2021.03.31"]
[SourceQuality "1"]

1. e4 g6 2. d4 Bg7 3. Nc3 d6 4. f4 c6 5. Nf3 Nd7 6. e5 d5 7. Bd3 e6 8. 0-0 Ne7 9. Be3 0-0 10. Qe1 b6 11. Kh1 Bb7 12. g4 Rc8 13. Qg3 c5 14. f5 cxd4 15. Nxd4 Bxe5 16. Qh4 Bxd4 17. Bxd4 e5 18. Bf2 d4+ 19. Ne4 Nc5 20. f6 Nxe4 21. Bxe4 Bxe4+ 22. Kg1 Nd5 23. g5 h5 24. Qxe4 Re8 25. Rad1 Qd7 26. Rfe1 Nf4 27. Qf3 Nh3+ 28. Kh1 Nxg5 29. Qg3 Qc6+ 30. Qg2 Qxf6 31. Bh4 Qf3 32. Bxg5 Qxg2+ 33. Kxg2 Rxc2+ 34. Rd2 Rc5 35. Rxd4 exd4 36. Rxe8+ Kg7 37. Bh4 Rc2+ 38. Bf2 Rxb2 39. Kg3 Rd2 40. Rd8 d3 41. Bd4+ Kh7 42. Rh8# 1-0

[Event "Wch FIDE Online U14 Africa qual"]
[Site "Tornelo INT"]
[Date "2020.11.28"]
[Round "1"]
[White "Andriamanalimanana, Tsiresy Haja"]
[Black "Toumi, Mohamed Jad"]
[Result "0-1"]
[WhiteElo "1271"]
[BlackElo "1412"]
[PlyCount "44"]
[EventDate "2020.11.28"]
[EventType "swiss (rapid)"]
[EventRounds "7"]
[EventCountry "ISS"]
[SourceTitle "EXT 2022"]
[Source "ChessBase"]
[SourceDate "2021.10.06"]
[SourceVersion "1"]
[SourceVersionDate "2021.10.06"]
[SourceQuality "1"]

1. e4 g6 2. d4 Bg7 3. Nf3 d6 4. c3 Nf6 5. Bd3 0-0 6. h3 Nbd7 7. Be3 a6 8. Qd2 c5 9. d5 c4 10. Bc2 b5 11. Bh6 Nc5 12. Bxg7 Kxg7 13. g4 Kg8 14. Qd4 e6 15. g5 Nh5 16. Nbd2 Nf4 17. Nh2 e5 18. Qxc4 bxc4 19. Nxc4 Qxg5 20. Nf3 Qg2 21. 0-0-0 Qxf3 22. h4 Ncd3+ 0-1

[Event "Barcelona Sants op 21st"]
[Site "Barcelona"]
[Date "2019.09.01"]
[Round "10"]
[White "Todts, Benny"]
[Black "Toumi, Mohamed Jad"]
[Result "1-0"]
[WhiteElo "1932"]
[BlackElo "1835"]
[PlyCount "97"]
[EventDate "2019.08.23"]
[EventType "swiss"]
[EventRounds "10"]
[EventCountry "ESP"]
[SourceTitle "EXT 2020"]
[Source "ChessBase"]
[SourceDate "2019.10.17"]
[SourceVersion "1"]
[SourceVersionDate "2019.10.17"]
[SourceQuality "1"]

1. Nf3 g6 2. e4 d6 3. d4 Bg7 4. Nc3 Nf6 5. h3 0-0 6. Be3 Na6 7. Qd2 c5 8. d5 Nc7 9. a4 b6 10. Bc4 a6 11. 0-0 Bd7 12. e5 dxe5 13. Nxe5 Ne4 14. Nxe4 Bxe5 15. Bh6 Re8 16. Ng5 b5 17. Ba2 c4 18. Rae1 Bf6 19. Ne4 Bf5 20. Nxf6+ exf6 21. Rxe8+ Nxe8 22. Re1 Nd6 23. Bf4 Qb6 24. g4 Bd7 25. Qb4 Re8 26. Rxe8+ Nxe8 27. Qe7 Qb7 28. Bh6 Ng7 29. Qxf6 Ne8 30. Qe5 Qc7 31. Bf4 Qxe5 32. Bxe5 f6 33. Bd4 f5 34. g5 Ng7 35. axb5 axb5 36. b3 cxb3 37. Bxb3 Nh5 38. Be5 f4 39. h4 f3 40. Kf1 Ng7 41. Bxg7 Kxg7 42. Ke1 h6 43. Kd2 hxg5 44. hxg5 Kf7 45. Ke3 Bg4 46. Kf4 Bh5 47. Ke5 Ke7 48. d6+ Kd8 49. Be6 1-0